Découvrir la banque par une approche économique et comptable

Uložené v:
Podrobná bibliografia
Hlavný autor: Vigouroux, Jean-Claude
Ďalší autori: Blanc, Pierrette, Prost, André
Médium: Kniha
Jazyk:French
Vydavateľské údaje: Paris Dunod 1991
Vydanie:1. éd.
Predmet:
Tagy: Pridať tag
Žiadne tagy, Buďte prvý, kto otaguje tento záznam!

MARC

LEADER 00000nam a2200000 4500
001 c001271
005 20221214102028.9
020 |a 2-10-000321-6 
041 0 |a fre 
044 |a FR 
245 1 0 |a Découvrir la banque par une approche économique et comptable  |c Jean-Claude Vigouroux, Pierrette Blanc, André Prost 
250 |a 1. éd. 
264 1 |a Paris  |b Dunod  |c 1991 
300 |a 508 s. 
610 2 0 |a banky 
610 2 0 |a normy právne 
610 2 0 |a operácie bankové 
610 2 0 |a zákazníci 
610 2 0 |a Francúzsko 
610 2 0 |a služby 
610 2 0 |a vzťahy peňažné medzinárodné 
610 2 0 |a obeh peňažný 
610 2 0 |a trh kapitálový 
610 2 0 |a pôžičky 
610 2 0 |a úver 
610 2 0 |a nástroje finančné 
610 2 0 |a dokumenty 
610 2 0 |a prostriedky peňažné 
610 2 0 |a prostriedky platobné 
610 2 0 |a papiere cenné 
610 2 0 |a devízy 
610 2 0 |a účty 
100 1 |a Vigouroux, Jean-Claude 
700 1 |a Blanc, Pierrette 
700 1 |a Prost, André